000 00715nam a2200229Ia 4500
003 OSt
005 20240802153257.0
008 210716s1998 xx 000 0 und d
020 _a9780753805305
040 _cAIMIT LIBRARY
041 _aeng
082 _a374.22
_21
_bSTEI
100 _aStewart, Ian.
_9174980
245 _aNatures numbers :
_bdiscovering order and pattern in the universe /
_cBy Ian Stewart.
250 _a1st ed.
260 _aNew Delhi :
_bHarper Collins Publishers ,
_c1998.
300 _axii,192p. ;
_bPB
_c20.7cm
650 _aWhat mathematics is about
_9174981
650 _aThe constants of change
_9174982
650 _aBroken symmetry
_9174983
942 _2ddc
_cBK
_e1st
_k374.22 STEI
999 _c209124
_d209124